Income variations due to yields on dryland cotton farms on the High Plains of Texas /

Bibliographic Details
Main Authors: Martin, J. Rod (Author), Hildreth, R. J. (Roland J.) (Author)
Format: Government Document Book
Language:English
Published: College Station, Tex. : Texas Agricultural Experiment Station, 1957.
Series:Miscellaneous publication (College Station, Tex.) ; no. 236.
Subjects:
Online Access:Available online via OAK Trust Repository

MARC

Tag First Indicator Second Indicator Subfields
LEADER 00000cam a2200000Ii 4500
001 in00001403047
005 20200330153012.0
008 840725s1957 txua s000 0 eng d
035 |a (OCoLC)ocm10986917 
040 |a TWT  |b eng  |e rda  |c TWT  |d OCLCQ  |d OCLCF  |d OCLCQ  |d OCLCO  |d OCLCA  |d TXA 
035 |a (OCoLC)10986917 
043 |a n-us-tx 
086 |a Z TA245.7 M861 no. 236  |2 txdocs 
090 |a S117  |b .E295 no. 236 
049 |a TXAM 
100 1 |a Martin, J. Rod,  |e author. 
245 1 0 |a Income variations due to yields on dryland cotton farms on the High Plains of Texas /  |c J.R. Martin and R.J. Hildreth. 
260 |a College Station, Tex. :  |b Texas Agricultural Experiment Station,  |c 1957. 
300 |a 8 pages :  |b illustrations ;  |c 28 cm 
336 |a text  |b txt  |2 rdacontent 
337 |a unmediated  |b n  |2 rdamedia 
338 |a volume  |b nc  |2 rdacarrier 
490 1 |a MP ;  |v 236 
500 |a "October 1957." 
500 |a Caption title. 
650 0 |a Cotton  |x Economic aspects  |z Texas. 
650 7 |a Cotton  |x Economic aspects.  |2 fast  |0 (OCoLC)fst00880880 
651 7 |a Texas.  |2 fast  |0 (OCoLC)fst01210336 
650 3 |a farm income 
650 3 |a dryland farming 
650 3 |a agricultural economics 
700 1 |a Hildreth, R. J.  |q (Roland J.),  |e author. 
710 2 |a Texas Agricultural Experiment Station,  |e issuing body. 
830 0 |a Miscellaneous publication (College Station, Tex.) ;  |v no. 236. 
856 4 1 |z Available online via OAK Trust Repository  |u https://oaktrust.library.tamu.edu/handle/1969.1/160655  |t 0 
994 |a C0  |b TXA 
948 |a cataloged  |b h  |c 2020/3/30  |d c  |e zliu  |f 3:30:01 pm 
999 f f |s 2ce363d6-447a-3c81-80c9-c3b435334ffc  |i bfc4c29b-9aaa-30e4-b04c-5f9a61f26163  |t 0 
952 f f |p normal  |a Texas A&M University  |b College Station  |c Sterling C. Evans Library  |d Evans: Texas Documents (Annex 5th floor)  |t 0  |e Z TA245.7 M681 no.236-285  |h Superintendent of Documents classification  |i unmediated -- volume  |k no.236-285  |l 1957:Oct-1958:June  |m A14816097070 
998 f f |a Z TA245.7 M681 no.236-285  |s 236-246,248-250,254-257,259,260,262,264,266-274,276,277,279-283,285  |t 0  |l Evans: Texas Documents (Annex 5th floor)